| 000 | 00595nam a2200193 i 4500 | ||
|---|---|---|---|
| 001 | 28301 | ||
| 003 | ES-MaACL | ||
| 005 | 20230906153825.0 | ||
| 007 | t| | ||
| 008 | 030117s1886 sp ||||1| spa d | ||
| 100 | 1 |
_aBanús y Comas, Carlos. _925220 |
|
| 245 | 1 | 0 |
_aOrganización de los ejércitos de operaciones _b: movilización, concentración / _cpor Carlos Banús y Comas. |
| 260 |
_aBarcelona : _b[s.n., _c1886] ( _fJ. Giró) |
||
| 300 |
_a197 p. ; _c23 cm. |
||
| 490 | 1 | _aBiblioteca militar | |
| 830 | 0 |
_aBiblioteca militar _9181165 |
|
| 852 |
_aES-MaACL _jG-9359 |
||
| 999 |
_c28301 _d28301 |
||